000 00789nam a2200289Ia 4500
005 20260324125455.0
008 008 260324s9999 xx 000 0 eng d
020 _a9781003513278
037 _aEBOOK
040 _aCRL
040 _beng
040 _cCRL
041 _2eng
041 _aeng
084 _qCRL
100 _aJim Davis; Lisa Freeman; Tetsuo Kishi; Gail Marshall; Peter Raby
_91178115
245 0 _aLives of Shakespearian Actors, Part II, Volume 3
245 0 _bEdmund Kean, Sarah Siddons and Harriet Smithson by Their Contemporaries
260 _bTaylor and Francis
260 _c2009
365 _a
365 _b290
856 _uhttp://www.taylorfrancis.com/books/9781003513278
942 _cEBOOK
999 _c1773410
_d1773410